The poetics of space

保存先:
書誌詳細
第一著者: Bachelard, Gastón
フォーマット: 図書
言語:Undetermined
出版事項: Boston, Estados Unidos Beacon Press 1969
主題:
タグ: タグ追加
タグなし, このレコードへの初めてのタグを付けませんか!

MARC

LEADER 00000nam a2200000Ia 4500
008 170316s9999 xx 000 0 und d
090 |a 100 B-1p 
100 |a Bachelard, Gastón 
245 4 |a The poetics of space 
260 |a Boston, Estados Unidos 
260 |b Beacon Press 
260 |c 1969 
300 |a 241 páginas 
650 |a FILOSOFÍA 
999 |c 15669  |d 15669 
040 |a cru BVZT 
942 |c 15 D  |h 100 B-1p  |2 z